| 000 | 00736nam a2200253 a 4500 | ||
|---|---|---|---|
| 003 | AR-BaBNM | ||
| 005 | 20251128205916.0 | ||
| 008 | 082120s2002 ||||||||||||||000 | spa|| | ||
| 040 | _cAR-BaBNM | ||
| 100 | 1 | _aSuárez, Matías E. | |
| 245 | 0 | 0 |
_aDefensa de la Argentinidad _bfundamentos filosóficos, políticos, culturales y religiosos de la Nación Argentina |
| 260 |
_aBuenos Aires _bPlus Ultra _c1978 |
||
| 300 | _a278 p. | ||
| 650 | 4 | _aHISTORIA POLITICA | |
| 650 | 4 | _aNACIONALISMO CULTURAL | |
| 650 | 4 | _aIDENTIDAD NACIONAL | |
| 650 | 4 | _aESTEREOTIPO NACIONAL | |
| 650 | 4 | _aIDEOLOGIAS | |
| 650 | 4 | _aPATRIOTISMO | |
| 650 | 4 | _aFILOSOFIA | |
| 700 | 1 |
_aIbarguren, Federico _eprologuista |
|
| 942 | _cBK | ||
| 998 | _cMariana | ||
| 999 |
_c13248 _d13248 |
||